000 00249nam a2200109Ia 4500
008 200302s9999 xx 000 0 und d
100 _aCarles Broto
245 _aNew Shopping Malls
260 _bAzur Corporation
260 _c2007
300 _a239 P.,
999 _c2768
_d2768